000 00703cab a2200241 4500
001 WB3208-39
008 090401t1996 xxu||||| |||| 00| 0 eng d
035 _a(Sirsi) u34570
041 _aeng
245 _aAbattoir overcapacity
260 _c1996
350 _a0
490 _aFarmers' Weekly
_v124(7) 16 February 1996, 24(1)
520 _aSummarises MLC plans to cut the number of abattoir premises, and possible consquences of these actions.
650 _aABATTOIRS
650 _aMEAT AND LIVESTOCK COMMISSION
650 _aOVERCAPACITY
690 _aPROPERTY-COMMERCIAL PROPERTY
690 _aLEISURE AND RECREATION
690 _aRURAL PRACTICE
942 _n0
948 _c04/03/1997
999 _c22876
_d22876